NLSUI OPAC header image

Untouchability in Rural India (Record no. 119838)

MARC details
000 -LEADER
fixed length control field 00293nam a2200109Ia 4500
008 - FIXED-LENGTH DATA ELEMENTS--GENERAL INFORMATION
fixed length control field 200619s9999 xx 000 0 und d
082 ## - DEWEY DECIMAL CLASSIFICATION NUMBER
Classification number 305.56SHA
100 ## - MAIN ENTRY--PERSONAL NAME
Personal name Shah Ghanshyam
245 #0 - TITLE STATEMENT
Title Untouchability in Rural India
942 ## - ADDED ENTRY ELEMENTS (KOHA)
Koha item type CSSEIP Office Library Collection
Holdings
Withdrawn status Lost status Damaged status Not for loan Home library Current library Shelving location Date acquired Total Checkouts Barcode Date last seen Price effective from Koha item type
        . . CSSEIP Office Library 25.06.2020   CSSEIP297 23.06.2020 23.06.2020 CSSEIP Office Library Collection